Επιχειρησιακή Έρευνα / Γραμμικός Προγραμματισμός, Αριστοποίηση σε Δίκτυα. (Record no. 1597)
[ view plain ]
| 000 -LEADER | |
|---|---|
| fixed length control field | 02624cam a22002054a 4500 |
| 005 - ΗΜΕΡΟΜΗΝΙΑ ΚΑΙ ΩΡΑ ΤΕΛΕΥΤΑΙΑΣ ΕΝΗΜΕΡΩΣΗΣ | |
| Πεδίο ελέγχου | 20250605163303.0 |
| 008 - FIXED-LENGTH DATA ELEMENTS--GENERAL INFORMATION | |
| Πεδίο ελέγχου σταθερού μήκους | 250528s ||||||||||||||||||||||||d |
| 035 ## - SYSTEM CONTROL NUMBER | |
| System control number | 16057 |
| 040 ## - ΠΗΓΗ ΚΑΤΑΛΟΓΟΓΡΑΦΗΣΗΣ | |
| Φορέας πρωτότυπης καταλογογράφησης | MC Athens Campus Library |
| Γλώσσα καταλογογράφησης | Ελληνικά, Μοντέρνα (1453-) |
| Modifying agency | MC Athens Campus Library |
| Κανόνες περιγραφικής καταλογογράφησης | AACR2 |
| 245 1# - ΤΙΤΛΟΣ ΚΑΙ ΔΗΛΩΣΗ ΥΠΕΥΘΥΝΟΤΗΤΑΣ | |
| Τίτλος | Επιχειρησιακή Έρευνα / Γραμμικός Προγραμματισμός, Αριστοποίηση σε Δίκτυα. |
| Number of part/section of a work | Τόμος Α' - Γ' 'Εκδοση |
| 250 ## - EDITION STATEMENT | |
| Edition statement | 3η |
| 260 ## - PUBLICATION, DISTRIBUTION, ETC. | |
| Name of publisher, distributor, etc. | Allyn And Bacon, |
| Date of publication, distribution, etc. | 1990 |
| 300 ## - PHYSICAL DESCRIPTION | |
| Extent | 470 |
| 505 0# - FORMATTED CONTENTS NOTE | |
| Formatted contents note | Πρόλογος, Γραμμικός Προγραμματισμός, Μορφοποίηση Προβλημάτων Γραμμμικού Προγραμματισμού, Εισαγωγή στη Μέθοδο Simplex, Έναρξη και Σύγκλιση της Μεθόδου Simplex, Η Αναθεώρημένη Μέθοδος Simplex, Δυικότητα, Αριστοποίηση σε Δίκτυα, Παραμετρικός Γραμμικός Προγραμματισμός και Ανάλυση Ευαισθησίας, Το Πρόβλημα του Ελάχιστου Κόστους Ροής σ'ένα Δίκτυο, Το Πρόβλημα Μεταφοράς, Το Πρόβλημα Εκχώρησης, Το Πρόβλημα της Μέγιστης Ροής σ ένα Δίκτυο, Άριστες Διαδρομές, Το Πρόβλημα του Ελάχιστου Ζευγνύοντος Δέντρου, Βασικές Έννοιες της Θεωρίας Γραφημάτων, Βιβλιογραφία. |
| 520 ## - SUMMARY, ETC. | |
| Summary, etc. | Πρόλογος, Γραμμικός Προγραμματισμός, Μορφοποίηση Προβλημάτων Γραμμμικού Προγραμματισμού, Εισαγωγή στη Μέθοδο Simplex, Έναρξη και Σύγκλιση της Μεθόδου Simplex, Η Αναθεώρημένη Μέθοδος Simplex, Δυικότητα, Αριστοποίηση σε Δίκτυα, Παραμετρικός Γραμμικός Προγραμματισμός και Ανάλυση Ευαισθησίας, Το Πρόβλημα του Ελάχιστου Κόστους Ροής σ'ένα Δίκτυο, Το Πρόβλημα Μεταφοράς, Το Πρόβλημα Εκχώρησης, Το Πρόβλημα της Μέγιστης Ροής σ ένα Δίκτυο, Άριστες Διαδρομές, Το Πρόβλημα του Ελάχιστου Ζευγνύοντος Δέντρου, Βασικές Έννοιες της Θεωρίας Γραφημάτων, Βιβλιογραφία. |
| 700 1# - ΠΡΟΣΘΕΤΗ ΑΝΑΓΡΑΦΗ--ΦΥΣΙΚΟ ΠΡΟΣΩΠΟ | |
| Personal name | Λουκάκης Μανώλης |
| 942 ## - ADDED ENTRY ELEMENTS (KOHA) | |
| Koha item type | Books |
| Τύπος τεκμηρίου | Βιβλιοθήκη | Τρέχουσα τοποθεσία | Barcode | Αριθμός εισαγωγής | Ημερομηνία απόκτησης | Ταξιθετικό σύμβολο | Αριθμός αντιτύπου | Κατάσταση απόσυρσης | Κατάσταση χαμένου | Κατάσταση κατεστραμμένου | Μη δανεισμός | Σύνολο δανεισμών | Ημερομηνία τελευταίας εμφάνισης | Η τιμή ισχύει από |
|---|---|---|---|---|---|---|---|---|---|---|---|---|---|---|
| Books | MC Athens Campus Library | MC Athens Campus Library | 9780000015969 | 2683 | 05/06/2025 | 658.4034 LOU V.A | 1 | 05/06/2025 | 05/06/2025 |